Natur und Mensch im Weltbild der Wissenschaft
| Main Author: | |
|---|---|
| Format: | Print Book |
| Language: | German |
| Subito Delivery Service: | Order now. |
| Check availability: | HBZ Gateway |
| Interlibrary Loan: | Interlibrary Loan for the Fachinformationsdienste (Specialized Information Services in Germany) |
| Published: |
Köln
Pahl-Rugenstein
19XX-
|
| In: | Year: 1984 |
| Volumes / Articles: | Show volumes/articles. |
| Series/Journal: | Kleine Bibliothek
... |
| Standardized Subjects / Keyword chains: | B
Nature
/ World view
B Natural philosophy B Anthropology |
MARC
| LEADER | 00000cam a2200000 ca4500 | ||
|---|---|---|---|
| 001 | 1083892703 | ||
| 003 | DE-627 | ||
| 005 | 20220430112944.0 | ||
| 007 | tu | ||
| 008 | 880405n19uuuuuuxx ||||| 00| ||ger c | ||
| 015 | |a 84,N42,0011 |2 dnb | ||
| 015 | |a 85,A38,0372 |2 dnb | ||
| 016 | 7 | |a 550902104 |2 DE-101 | |
| 035 | |a (DE-627)1083892703 | ||
| 035 | |a (DE-576)013892703 | ||
| 035 | |a (DE-599)DNB550902104 | ||
| 040 | |a DE-627 |b ger |c DE-627 |e rakwb | ||
| 041 | |a ger | ||
| 084 | |a CC 6600 |2 rvk |0 (DE-625)rvk/17661: | ||
| 084 | |a WU 3750 |2 rvk |0 (DE-625)rvk/152033: | ||
| 084 | |a BH 2000 |2 rvk |0 (DE-625)rvk/11586: | ||
| 100 | 1 | |0 (DE-588)118553100 |0 (DE-627)079350690 |0 (DE-576)161470513 |4 aut |a Hollitscher, Walter |d 1911-1986 | |
| 109 | |a Hollitscher, Walter 1911-1986 |a Khollicher, Val'ter 1911-1986 |a Cholličer, Valʹter 1911-1986 | ||
| 190 | |j 1984 | ||
| 245 | 1 | 0 | |a Natur und Mensch im Weltbild der Wissenschaft |c Walter Hollitscher |
| 264 | 1 | |a Köln |b Pahl-Rugenstein |c 19XX- | |
| 336 | |a Text |b txt |2 rdacontent | ||
| 337 | |a ohne Hilfsmittel zu benutzen |b n |2 rdamedia | ||
| 338 | |a Band |b nc |2 rdacarrier | ||
| 490 | 0 | |a Kleine Bibliothek |v ... | |
| 500 | |a Lizenz der Globus, Zeitungs-, Druck- und Verl.-Anst., Wien, und des Akad.-Verl., Berlin. - Neuausg. von: Hollitscher, Walter: Die Natur im Weltbild der Wissenschaft und Hollitscher, Walter: Der Mensch im Weltbild der Wissenschaft | ||
| 601 | |a Wissenschaft | ||
| 689 | 0 | 0 | |d s |0 (DE-588)4041358-5 |0 (DE-627)104288833 |0 (DE-576)209044594 |2 gnd |a Natur |
| 689 | 0 | 1 | |d s |0 (DE-588)4065352-3 |0 (DE-627)106119443 |0 (DE-576)209158085 |2 gnd |a Weltbild |
| 689 | 0 | |5 (DE-627) | |
| 689 | 1 | 0 | |d s |0 (DE-588)4041408-5 |0 (DE-627)106219383 |0 (DE-576)209044748 |2 gnd |a Naturphilosophie |
| 689 | 1 | |5 (DE-627) | |
| 689 | 2 | 0 | |d s |0 (DE-588)4002230-4 |0 (DE-627)10639410X |0 (DE-576)208846212 |2 gnd |a Anthropologie |
| 689 | 2 | |5 (DE-627) | |
| 935 | |a mteo | ||
| 936 | r | v | |a CC 6600 |b Abhandlungen |k Philosophie |k Systematische Philosophie |k Philosophische Anthropologie |k Abhandlungen |0 (DE-627)1270639021 |0 (DE-625)rvk/17661: |0 (DE-576)200639021 |
| 936 | r | v | |a WU 3750 |b Stellung des Menschen in der Natur |k Biologie |k Anthropologie |k Anthropologie allgemein |k Stellung des Menschen in der Natur |0 (DE-627)1271638401 |0 (DE-625)rvk/152033: |0 (DE-576)201638401 |
| 936 | r | v | |a BH 2000 |b Gesamtdarstellungen |k Theologie und Religionswissenschaften |k Evangelische Dogmatik |k Allgemeines |k Systematische Theologie des 20. Jahrhundert |k Gesamtdarstellungen |0 (DE-627)1272001253 |0 (DE-625)rvk/11586: |0 (DE-576)202001253 |
| 951 | |a MC | ||
| ELC | |b 1 | ||
| ITA | |a 1 |t 1 | ||
| LOK | |0 000 xxxxxcx a22 zn 4500 | ||
| LOK | |0 001 2105222110 | ||
| LOK | |0 003 DE-627 | ||
| LOK | |0 004 1083892703 | ||
| LOK | |0 005 19951012000000 | ||
| LOK | |0 008 930921||||||||||||||||ger||||||| | ||
| LOK | |0 040 |a DE-21 |c DE-627 |d DE-21 | ||
| LOK | |0 852 |a DE-21 | ||
| LOK | |0 852 1 |c 24 A 12032 |9 00 | ||
| LOK | |0 935 |a kram |a konv | ||
| LOK | |0 939 |a 21-09-93 |b l01 | ||
| ORI | |a SA-MARC-ixtheoa001.raw | ||
| REL | |a 1 | ||
| SPR | |a 1 |t IXT |t REL | ||
| STA | 0 | 0 | |a Anthropology,Natural philosophy,Philosophy of nature,Nature,Nature,World view,Conception of the world,Understanding of the world |
| STB | 0 | 0 | |a Anthropologie,Image du monde,Vision du monde,Vision du monde,Nature,Nature,Philosophie de la nature |
| STC | 0 | 0 | |a Antropología,Filosofía de la naturaleza,Imagen del mundo,Naturaleza,Naturaleza |
| STD | 0 | 0 | |a Antropologia,Filosofia della natura,Immagine del mondo,Natura,Natura |
| STE | 0 | 0 | |a 世界观,宇宙观,人类学,大自然,大自然,自然界,自然界,自然哲学 |
| STF | 0 | 0 | |a 世界觀,宇宙觀,人類學,大自然,大自然,自然界,自然界,自然哲學 |
| STG | 0 | 0 | |a Antropologia,Filosofia da natureza,Imagem do mundo,Natureza,Natureza |
| STH | 0 | 0 | |a Антропология,Картина мира,Природа (мотив),Природа,Философия природы |
| STI | 0 | 0 | |a Ανθρωπολογία,Εικόνα του κόσμου,Θεώρηση του κόσμου,Φιλοσοφία της φύσης,Φύση (μοτίβο),Φύση |
| SUB | |a REL | ||
| SYG | 0 | 0 | |a Naturdarstellung , Weltdeutung,Welterfahrung,Weltbetrachtung,Weltsicht,Weltverstehen,Weltverständnis,Weltbezug , Natur,Physiologia , Anthropology,Anthropometrie,Menschenkunde,Menschenkunde |



